İsmet İnönü (Record no. 2247)

MARC details
000 -BAŞLIK
Sabit Uzunlukta Kontrol Alanı 00675na a2200229 4500
001 - KONTROL NUMARASI
Denetim Alanı 18268
003 - KONTROL NUMARASI IDENTIFIER
Denetim Alanı MIRAKIL
005 - SON İŞLEM TARİHİ VE ZAMANI
Denetim Alanı 20181213154850.0
008 - SABİT-BOY VERİ ELEMANLARI - GENEL BİLGİLER
Sabit Uzunlukta Kontrol Alanı 161115b tu 000 0
040 ## - KATALOGLAMA KAYNAK
Orijinal Kataloglama Ajansı Milas
Kataloglama Dili tur
Metne Dönüştürmek Ajansı TR-AnCHP
041 ## - DİL KODU
Metin / Ses Parça Veya Ayrı Başlığın Dil Kodu tur
082 ## - DEWEY ONLU SINIFLANDIRMA NUMARASI
Sınıflandırma Numarası CHP 923.1 İnönü,İ.
Ürün Numarası Ü43s 2015
090 ## - SINIFLAMA NUMARASI
Sınıflama Numarası CHP 923.1 İnönü,İ. Ü43s 2015
100 ## - ANA GİRİŞ - KİŞİSEL İSİM
Kişisel Ad Ülger, S.Eriş
245 ## - BAŞLIK TABLOSU
Başlık İsmet İnönü
Başlığın Kalan "Sizi babasız bırakmadım"
Sorumluluk Tablosu, Vb S. Eriş Ülger
246 ## - UNVAN FORM VARYING
Başlık Doğru / Kısa Başlığı "Sizi babasız bırakmadım"
260 ## - YAYIN, DAĞITIM, VB
Yayın, Dağıtım, Vb Yeri İstanbul
Yayıncı, Dağıtıcı, Vs Adı Anfora Yayıncılık
Yayın, Dağıtım, Vb Tarihi 2015
300 ## - FİZİKSEL TANIM
Kapsam 278 s.
Diğer Fiziksel Ayrıntıları res.
Boyutlar 32 sm.
600 ## - KONU KATMA GİRİŞ - KURUMSAL ADI
Kişisel Ad İnönü, İsmet
Genel Alt Bölümü yaşam öyküsü
610 ## - KONU KATMA GİRİŞ - TOPLANTI ADI
Giriş Elemanı Olarak Kurumsal Ad Veya Yargı Alanı Adı CHP
942 ## - EKLENDİ GİRİŞ ELEMANLARI (KOHA)
Sınıflandırma Veya Raf Düzeni Kaynak Dewey Decimal Classification
Koha Öğesi Türü Books
999 ## - SİSTEM KONTROL NUMARALARI (KOHA)
Koha Biblionumber 2247
Koha Biblioitemnumber 2247
Holdings
Kalıcı Konum Mevcut Konum Edinme Tarihi Edinim Kaynak Toplam Check-Out'Lar Tam Çağrı Numarası Barkod Tarih Son Görülme İtibaren Geçerli Fiyatlar Koha Öğesi Türü
CHP Kütüphanesi CHP Kütüphanesi 11/15/2016 Bağış   CHP 923.1 İnönü,İ. Ü43s 2015 009837 11/15/2016 11/15/2016 Books